Tom Hanks is Bad at Boating - Statistics

General Stats
  • This quiz has been taken 456 times
  • The average score is 7 of 10
Answer Stats
Hint Answer % Correct
Hanks runs a shrimping boat aground, as he leaps overboard to greet a friend on shore. Forrest Gump
93%
Hanks tries to escape a desert island on a life raft, but he is tossed from the raft and injures his leg on coral. Castaway
91%
Pirates take a shipping vessel and make hostages of the crew, including Tom Hanks. Captain Phillips
78%
A German soldier nicknamed "Steamboat Willie" shoots Tom Hanks. Steamboats are boats. Saving Private Ryan
78%
Hanks manages to turn a plane into a boat, as he lands the plan on the Hudson River for a mostly safe emergency landing. Sully
72%
Hanks goes out to sea in a small boat to rescue his wooden boy. He's successful, except they both get swallowed by a whale. Pinocchio
66%
A woman falls in love with Hanks because of a radio interview. She sees him on his houseboat with his sister, Suzy. A brief comical misunderstanding ensues. Sleepless in Seattle
61%
Hanks falls off a motorboat and is saved by a pretty mermaid. Splash
60%
Hanks is on a yacht to Waponi Woo to be a human sacrifice, but lightning sinks the boat. Joe Versus the Volcano
47%
Nazi submarines hunt a shipping convoy, sinking a handful of shipping vessels under Hanks's protection. Greyhound
16%
No matching quizzes found
Score Distribution
Percent of People with Each Score
Percentile by Number Answered
Your Score History
You have not taken this quiz